| 000 | 00679cam a22002413a 4500 | ||
|---|---|---|---|
| 001 | 167 | ||
| 003 | PGUSA | ||
| 005 | 20140828082944.0 | ||
| 008 | 940901s1994||||xxu|||||s|||||000 | eng d | ||
| 040 |
_aPGUSA _beng |
||
| 042 | _adc | ||
| 050 | 4 | _aTR | |
| 100 | 1 |
_aHumphrey, S. D. _q(Samuel Dwight), _d1823-1883 |
|
| 245 | 1 | 0 |
_aAmerican Hand Book of the Daguerreotype _h[electronic resource] / _cS. D. Humphrey |
| 260 |
_bProject Gutenberg, _c1994 |
||
| 506 | _aPublic domain in the USA. | ||
| 516 | _aElectronic text | ||
| 653 | _aPhotography | ||
| 653 | _aDaguerreotype | ||
| 830 | 0 |
_aProject Gutenberg _v167 |
|
| 856 | 4 | 0 | _uhttp://www.gutenberg.org/ebooks/167 |
| 942 | _cEB | ||
| 999 |
_c229538 _d229538 |
||